|
|
|
|
| LEADER |
00000nam2a2200000 4500 |
| 001 |
45476 |
| 005 |
20231031023919.0 |
| 010 |
|
|
|a 5944570024
|
| 035 |
|
|
|a (RuTPU)RU\TPU\book\47316
|
| 090 |
|
|
|a 45476
|
| 100 |
|
|
|a 20021210d2002 k y0rusy50 ca
|
| 101 |
1 |
|
|a rus
|c fre
|
| 102 |
|
|
|a RU
|
| 105 |
|
|
|a y z 000zb
|
| 200 |
0 |
|
|a Т. 1
|
| 210 |
|
|
|d 2002
|
| 215 |
|
|
|a 496 с.
|
| 461 |
|
1 |
|0 (RuTPU)RU\TPU\book\48387
|t Поэзия и знание. История литературы и культуры
|o пер. с фр.
|f Ж. Старобинский
|g Под ред. С. Н. Зенкина
|v Т. 1
|d 2002
|s Язык. Семиотика. Культура
|
| 600 |
|
1 |
|a Старобинский
|b Ж.
|c швейцарский историк литературы
|f 1920 -
|g Жан
|c литературный критик
|2 stltpush
|3 (RuTPU)RU\TPU\pers\7582
|
| 610 |
1 |
|
|a литература
|
| 610 |
1 |
|
|a литературоведение
|
| 610 |
1 |
|
|a история
|
| 610 |
1 |
|
|a культура
|
| 610 |
1 |
|
|a поэзия
|
| 610 |
1 |
|
|a Франция
|
| 610 |
1 |
|
|a 15 век
|
| 610 |
1 |
|
|a 16 век
|
| 610 |
1 |
|
|a 17 век
|
| 610 |
1 |
|
|a 18 век
|
| 610 |
1 |
|
|a 19 век
|
| 610 |
1 |
|
|a 20 век
|
| 675 |
|
|
|a 809
|v 3
|
| 675 |
|
|
|a 84
|v 3
|
| 801 |
|
1 |
|a RU
|b 63413507
|c 20021210
|g PSBO
|
| 801 |
|
2 |
|a RU
|b 63413507
|c 20120626
|g PSBO
|
| 900 |
|
|
|a История мировой литературы
|
| 942 |
|
|
|c BK
|